000 00433nam a22001697a 4500
005 20230902124200.0
008 200518b xxu||||| |||| 00| 0 eng d
020 _a9789384875257
041 _aeng
082 _a612
100 _aJOGPAL ,VIKASH AND GUPTA JOYTI
_98175
245 _aHUMAN ANATOMY AND PHYSIOLOGY -II
260 _aModinaar (UP)
_bUnnati Publication
_c2019
300 _a168
650 _aPharmacy
_98176
942 _cBK
999 _c6285
_d6283